Famosos por letra - M - Estadísticas

Estadísticas generales
  • Esta prueba ha sido intentada 80 veces
  • La puntuación promedio es 7 de 16
Estadísticas de respuestas
Imagen Respuesta % Correcto
Michael Jackson
99%
Marilyn Monroe
96%
Morgan Freeman
78%
Meryl Streep
74%
Madonna
72%
Meghan Trainor
71%
Manu Ríos
51%
Mel Gibson
43%
Maggie Smith
40%
Martin Scorsese
37%
Melissa McCarthy
21%
Michelle Yeoh
21%
Matt Bomer
13%
Martha Stewart
9%
Matthew Lawrence
4%
Mickey Mantle
1%
No se encontraron pruebas coincidentes
Distribución de puntuación
Porcentaje de gente con cada puntuación
Porcentaje por número respondido
Historial de tus puntuaciones
No has intentado esta prueba.